Salvador Allende

Kaydedildi:
Detaylı Bibliyografya
Yazar: Lafourcade Valdenegro, Enrique (autor)
Materyal Türü: Kitap
Dil:İspanyolca
Baskı/Yayın Bilgisi: Santiago Alfa Editores 1973
Edisyon:1a. ed
Konular:
Etiketler: Etiketle
Etiket eklenmemiş, İlk siz ekleyin!

MARC

LEADER 00000cam a2200000 a 4500
001 UCF3042
003 CL-VaPUC
008 120914e19730000CL |||||||||||||||||spa|d
082 0 4 |a Ch863  |b LAF  |2 21 
100 |a Lafourcade Valdenegro, Enrique  |e autor  |9 543407 
245 1 0 |a Salvador Allende 
250 |a 1a. ed 
300 |a 215 p 
942 |c BK 
945 |d 20120914 00:00:00  |a dcastane 
260 |a Santiago  |b Alfa Editores  |c 1973 
650 7 |a NOVELA HISTORICA CHILENA  |2 CL-VaPUC  |9 329926 
650 0 |a Novelas chilenas   |9 265425 
650 0 |a Literatura chilena   |9 308278 
650 0 |a Biografías  |9 255210 
650 0 |a Presidentes de Chile  |9 268293 
583 |a last modification  |c 20120914 00:13:00  |k Rodrigo Vera 
999 |c 349564  |d 349562 
952 |0 0  |1 0  |4 0  |6 CH_863_000000000000000_LAF_1973  |7 0  |8 A  |9 452204  |a BIBHIS  |b BIBHIS  |d 2019-11-22  |i 4885163  |o Ch863 LAF 1973  |p 4885163  |r 2025-01-20  |w 2019-11-22  |y BK  |k HIS